| 000 | 00540nam a22001817a 4500 | ||
|---|---|---|---|
| 003 | CEME | ||
| 005 | 20210628202838.0 | ||
| 008 | 210203b xxu||||| |||| 00| 0 eng d | ||
| 020 | _a0-8031-0437-5 | ||
| 040 | _c. | ||
| 082 | _a574.24 AQU | ||
| 100 |
_aBahner, Rita Comotto _961926 |
||
| 245 | _aAquatic toxicology and hazard assessment, eighth symposium | ||
| 260 |
_aUSA _bASTM _c1985 |
||
| 300 | _a480P | ||
| 650 |
_aWATER, POLLUTION ENVIRONMENTAL ASPECTS CONGRESSES, WATER POLLUTION TOXICOLOGY CONGRESSES _961927 |
||
| 942 |
_cBK _2ddc |
||
| 999 |
_c571206 _d571206 |
||